书目信息 |
| 题名: |
结构动力学及其应用
|
|
| 作者: | 陆伟民 , 刘雁 编著 | |
| 分册: | ||
| 出版信息: | 上海 同济大学出版社 1996.06 |
|
| 页数: | 218页 | |
| 开本: | 16开 | |
| 丛书名: | ||
| 单 册: | ||
| 中图分类: | O342 | |
| 科图分类: | ||
| 主题词: | 固体力学 | |
| 电子资源: | ||
| ISBN: | 7-5608-1644-4 | |
| 000 | 00596nam0 2200205 45 | |
| 001 | 0007210972 | |
| 005 | 20000721093306.1 | |
| 010 | @a7-5608-1644-4@d24.00元 | |
| 100 | @a20000721d1996 km y0chiy0120 ea | |
| 101 | 0 | @achi |
| 105 | @a z 000yy | |
| 200 | 1 | @a结构动力学及其应用@AJie Gou Dong Li Xue Ji Qi Ying Yong@f陆伟民,刘雁编著@FLu Wei Min,Liu Yan Bian Zhu |
| 210 | @a上海@c同济大学出版社@d1996.06 | |
| 215 | @a218页@d16开 | |
| 606 | 0 | @a固体力学 |
| 690 | @aO342@v3 | |
| 701 | 0 | @a陆伟民@4编著 |
| 701 | 0 | @a刘雁@4编著 |
| 801 | @aCN@bPftUser@c20000721 | |
| 905 | @b73362-364@dO342@eL541@f3 | |
| 结构动力学及其应用/陆伟民,刘雁编著.-上海:同济大学出版社,1996.06 |
| 218页;16开 |
| ISBN 7-5608-1644-4:24.00元 |
| ● |
| 相关链接 |
|
|
|
正题名:结构动力学及其应用
索取号:O342/L541
 
预约/预借
| 序号 | 登录号 | 条形码 | 馆藏地/架位号 | 状态 | 备注 |
| 1 | 73362 | 200733625 | 自科二线504/504自科库 50排6列5层/ [索取号:O342/L541] | 在馆 | |
| 2 | 73363 | 200733634 | 自科二线504/504自科库 50排6列5层/ [索取号:O342/L541] | 在馆 | |
| 3 | 73364 | 200733643 | 期刊室512/110考试书库 7排3列3层/ [索取号:O342/L541] | 在馆 |